| 000 | 00654nam a2200181Ia 4500 | ||
|---|---|---|---|
| 008 | 151018s9999 xx 000 0 und d | ||
| 082 |
_bRBASDV64567 _a891.431 |
||
| 100 | _aजय शंकर प्रसाद | ||
| 245 | _aप्रसाद रचना संचयन | ||
| 250 | _b1 | ||
| 260 |
_bसाहित्य अकादमी नई दिल्ली _c1991 |
||
| 300 | _a584 | ||
| 600 | _aजय शंकर प्रसाद | ||
| 630 | _aप्रसाद रचना संचयन | ||
| 700 | _aजय शंकर प्रसाद | ||
| 730 | _aप्रसाद रचना संचयन | ||
| 942 | _cBOOK | ||
| 999 |
_c1056906 _d1056903 |
||